00445 2200157 4500001002100000005001500021020002200036035002000058082000800078084001400086100002300100245010400123260003600227300001200263990001200275INLIS00000000000182920250507074651 a978-602-71365-0-2 a0010-0525000121 a600 a600 BAM h0 aBambang Soepijanto1 aHutan Untuk Indonesia Yang Mandiri, Berdaulat dan Berkepribadian /cDr. Ir. Bambang Soepijanto, MM. aTangerang :bWana Aksara,c2014 a122 hlm a0754727